Statistics for Top 20 Worst Passwords of 2020

Click here to take the quiz!

General Stats

  • This quiz has been taken 56 times
  • The average score is 11 of 20

Answer Stats

HintAnswer% Correct
1..41234
100%
1...512345
100%
1....6123456
100%
1.....71234567
100%
1......812345678
98%
1.......9123456789
98%
p......dpassword
81%
p.......1password1
75%
q....yqwerty
71%
1....1111111
67%
0....0000000
65%
1........01234567890
52%
a....3abc123
35%
1....3123123
25%
i......uiloveyou
17%
p......1picture1
4%
M......2Million2
2%
s...asenha
2%
a......1aaron431
0%
q......2qqww1122
0%

Score Distribution

Percentile by Number Answered

Percent of People with Each Score

Your Score History

You have not taken this quiz